Central Library OPAC University of Rajshahi

Object-oriented analysis and design with applications / (Record no. 7673)

MARC details
000 -LEADER
fixed length control field 00965cam a2200277 a 4500
001 - CONTROL NUMBER
control field 7673
003 - CONTROL NUMBER IDENTIFIER
rucl marc code BD-RjUL
005 - DATE AND TIME OF LATEST TRANSACTION
control field 20211208234444.0
008 - FIXED-LENGTH DATA ELEMENTS--GENERAL INFORMATION
fixed length control field 140115s1994 caua b 001 0 eng d
020 ## - INTERNATIONAL STANDARD BOOK NUMBER
International Standard Book Number 0805353402
035 ## - SYSTEM CONTROL NUMBER
System control number (BD-RjUL)7717
040 ## - CATALOGING SOURCE
Original cataloging agency DLC
Transcribing agency DLC
Modifying agency DLC
-- (BD-RjUL)
Language of cataloging eng
041 ## - LANGUAGE CODE
Language code of text/sound track or separate title eng
082 00 - DEWEY DECIMAL CLASSIFICATION NUMBER
Classification number 005.11
Edition number 20
Author mark and year BOO
100 1# - MAIN ENTRY--PERSONAL NAME
Personal name Booch, Grady.
9 (RLIN) 23923
245 10 - TITLE STATEMENT
Title Object-oriented analysis and design with applications /
Statement of responsibility, etc. Grady Booch.
250 ## - EDITION STATEMENT
Edition statement 2nd ed.
260 ## - PUBLICATION, DISTRIBUTION, ETC. (IMPRINT)
Place of publication, distribution, etc. Redwood City, Calif. :
Name of publisher, distributor, etc. Benjamin/Cummings Pub. Co.,
Date of publication, distribution, etc. c1994.
300 ## - PHYSICAL DESCRIPTION
Pagination xvii, 589 p. :
Illustrations ill. ;
Size 24 cm.
500 ## - GENERAL NOTE
General note Rev. ed of: Object-oriented design with applications.
504 ## - BIBLIOGRAPHY, ETC. NOTE
Bibliography, etc Includes bibliographical references (p. 521-578) and index.
650 #0 - SUBJECT ADDED ENTRY--TOPICAL TERM
Topical term or geographic name as entry element Object-oriented programming (Computer science)
9 (RLIN) 23925
942 ## - ADDED ENTRY ELEMENTS (KOHA)
Source of classification or shelving scheme Dewey Decimal Classification
Koha item type Books
Holdings
Lost status Source of classification or shelving scheme Damaged status Not for loan Collection code Permanent Location Current Location Shelving location Date acquired Source of acquisition Cost, normal purchase price Total Checkouts Full call number Date last seen Copy number Koha item type
  Dewey Decimal Classification     Non-fiction Central Library, University of Rajshahi Central Library, University of Rajshahi   07/10/1996 Syntex Chutter 45.95   005.11 BOO 1994 15/01/2014 C-3 Books
  Dewey Decimal Classification     Non-fiction Central Library, University of Rajshahi Central Library, University of Rajshahi   07/10/1996 Chittagong, Syntex 45.95   005.11 BOO 1994 31/08/2016 C-2 Books
  Dewey Decimal Classification   Not For Loan Non-fiction Central Library, University of Rajshahi Central Library, University of Rajshahi Reading Room 07/10/1996 Syntex Chittagong 45.95   005.11 BOO 1994 23/03/2017 C-1 Books